Syndróm open space

Neosobný administratívny priestor nazývaný open space, ktorý vznikol v 70. rokoch v USA. Bezprostredná kontrola pracovníkov. Zdravotné problémy zamestnancov a nový pojem SOS - syndróm open space. Negatívne stránky open space pracovísk. Správne nastavenie klimatizácie.

Salvato in:
Dettagli Bibliografici
Autore principale: Malovič, Pavel
Natura: Capitolo di libro
Lingua:slovacco
Soggetti:
Tags: Aggiungi Tag
Nessun Tag, puoi essere il primo ad aggiungerne!!

MARC

LEADER 00000naa a2200000 4500
001 0207061
005 20231113083611.9
041 0 |a slo 
044 |a SK 
245 1 0 |a Syndróm open space  |c Pavel Malovič 
520 |a Neosobný administratívny priestor nazývaný open space, ktorý vznikol v 70. rokoch v USA. Bezprostredná kontrola pracovníkov. Zdravotné problémy zamestnancov a nový pojem SOS - syndróm open space. Negatívne stránky open space pracovísk. Správne nastavenie klimatizácie. 
610 2 0 |a prostredie pracovné 
610 2 0 |a podmienky pracovné 
610 2 0 |a zdravie 
610 2 0 |a kontrola 
610 2 0 |a zamestnanci 
610 2 0 |a manažéri 
610 2 0 |a klimatizácia 
100 1 |a Malovič, Pavel